| 000 | 01263nam a22002417a 4500 | ||
|---|---|---|---|
| 005 | 20110913152830.0 | ||
| 008 | 110913t xxu||||| |||| 00| 0 mar d | ||
| 010 | _aMAR-21414 | ||
| 020 | _c185.00 | ||
| 035 | _aMR-14072 | ||
| 037 | _bDBAD/PUB | ||
| 040 |
_aDPL _bMR |
||
| 082 | _a330.092 | ||
| 100 |
_934729 _aदेशपांडे,विनायक |
||
| 245 |
_aअर्थशास्त्राचे नोबेल पारितोषिक विजेते / _cविनायक देशपांडे तथा श्री आ देशपांडे |
||
| 246 |
_aArthashastracjey Nobel Paritoshik Vijete _bby Vinayak Deshpande and Sri A Deshpande |
||
| 260 |
_aनागपूर _bलाखे प्रकाशन _c2011 |
||
| 270 |
_bनागपूर _aमुकुंदराज पथ,महाल _e4400032 |
||
| 300 |
_a184पृ. _c22सेमी(अजिल्द) _bसचित्र |
||
| 700 |
_aदेशपांडे,श्री आ _935045 |
||
| 942 |
_2ddc _cMR _mदेशपां _h330.092 |
||
| 999 |
_c57157 _d57157 |
||